| 000 | 00540nam a2200193Ia 4500 | ||
|---|---|---|---|
| 003 | OSt | ||
| 005 | 20250828095710.0 | ||
| 008 | 210210b1977 xxu||||| |||| 00| 0 eng d | ||
| 040 | _cAL | ||
| 041 | _aKannada | ||
| 082 | _aK894.3 JAYJ | ||
| 100 |
_aJAYATIRTHA RAJAPUROHITA _9237193 _dಜಯತೀರ್ಥ ರಾಜಪುರೋಹಿತ |
||
| 245 |
_aJenu suli _bಜೇನು ಸುಳಿ |
||
| 260 |
_aMaisuru _bSuruchi Prakashana _c1977 |
||
| 300 | _a303 | ||
| 690 |
_aKannada Fiction _9237194 |
||
| 906 | _aSG00470 | ||
| 942 |
_2ddc _cSG |
||
| 999 |
_c112146 _d112146 |
||